Rural social work practice /

Bibliographic Details
Other Authors: Farley, O. William, 1934-
Format: Book
Language:English
Published: New York : London : Free Press ; Collier Macmillan, [1982]
Series:Fields of practice series.
Subjects:

MARC

Tag First Indicator Second Indicator Subfields
LEADER 00000cam a22000008a 4500
001 in00000086424
005 20151008064507.0
008 810924s1982 nyu b 00100 eng
010 |a  81015286   |z  81068576  
020 |a 0029104807 
035 |a (OCoLC)07837713 
035 |9 AAK4279AM 
039 0 |a 2  |b 3  |c 3  |d 3  |e 3 
040 |a DLC  |c DLC  |d TXA  |d UtOrBLW 
043 |a n-us--- 
049 |a TXAM  |c [933283] 
050 0 0 |a HV91  |b .R773 
082 0 |a 361/.973  |2 19 
245 0 0 |a Rural social work practice /  |c O. William Farley [and others]. 
263 |a 8203 
264 1 |a New York :  |b Free Press ;  |a London :  |b Collier Macmillan,  |c [1982] 
264 4 |c ©1982 
300 |a xiv, 257 pages ;  |c 24 cm. 
336 |a text  |b txt  |2 rdacontent 
337 |a unmediated  |b n  |2 rdamedia 
338 |a volume  |b nc  |2 rdacarrier 
490 1 |a Fields of practice series 
504 |a Includes bibliographical references and index. 
650 0 |a Social service, Rural  |z United States. 
700 1 |a Farley, O. William,  |d 1934- 
830 0 |a Fields of practice series. 
999 |a MARS 
999 f f |s 14f5744e-e385-3200-b892-f1dac6fffbba  |i 4ed72d22-e16e-3bf5-9188-3f39a481096d  |t 0 
952 f f |p ric  |a Texas A&M University  |b Rellis Campus  |c Joint Library Facility  |d Remote Storage  |t 0  |e HV91 .R773  |h Library of Congress classification  |i unmediated -- volume  |m A14806145512 
998 f f |a HV91 .R773  |t 0  |l Remote Storage